Professional indemnity insurance (Record no. 85417)

MARC details
000 -LEADER
fixed length control field 01276cam a2200265 4500
001 - CONTROL NUMBER
control field L113793
008 - FIXED-LENGTH DATA ELEMENTS--GENERAL INFORMATION
fixed length control field 010726n2001 000 0 eng u
020 ## - INTERNATIONAL STANDARD BOOK NUMBER
International Standard Book Number 1899769196
035 ## - SYSTEM CONTROL NUMBER
System control number (Sirsi) u113793
041 0# - LANGUAGE CODE
Language code of text/sound track or separate title eng
050 04 - LIBRARY OF CONGRESS CALL NUMBER
Classification number 368.5 $2 18
100 1# - MAIN ENTRY--PERSONAL NAME
Personal name Land, Howard
245 00 - TITLE STATEMENT
Title Professional indemnity insurance
Remainder of title it's rough out there, be sure to cover up
-- a CPD study pack
260 ## - PUBLICATION, DISTRIBUTION, ETC.
Place of publication, distribution, etc. Oxford
Name of publisher, distributor, etc. College of Estate Management
Date of publication, distribution, etc. 2001
300 ## - PHYSICAL DESCRIPTION
Extent 40p.
Dimensions 30cm.
Accompanying material + 1 audio cassette (ca. 60 min.)
350 ## - PRICE (NR) (BK AM CF MU VM SE) [OBSOLETE]
Price 39.50
490 #0 - SERIES STATEMENT
Series statement College of Estate Management CPD Study Pack
520 ## - SUMMARY, ETC.
Summary, etc. What is a professional indemnity insurance? Who is it designed to protect? Does it affect all chartered surveyors? Does it cover all practice perils? These questions and many others are answered in this CPD study pack.
520 ## - SUMMARY, ETC.
Summary, etc. Accompanied by Owlion Audio Programme "Professional indemnity assurance for chartered surveyors" which is also available to borrow separately (J113229). Includes addendum from December 2002.
520 ## - SUMMARY, ETC.
Summary, etc. Accompanying Owlion Audio withdrawn October 2006.
651 #4 - SUBJECT ADDED ENTRY--GEOGRAPHIC NAME
Geographic name United Kingdom
Chronological subdivision
690 ## - LOCAL SUBJECT ADDED ENTRY--TOPICAL TERM (OCLC, RLIN)
Topical term or geographic name as entry element MANAGEMENT-BUSINESS MANAGEMENT-INSURANCE-PROFESSIONAL INDEMNITY INSURANCE
710 2# - ADDED ENTRY--CORPORATE NAME
Corporate name or jurisdiction name as entry element College of Estate Management
9 (RLIN) 400
942 ## - ADDED ENTRY ELEMENTS (KOHA)
Suppress in OPAC 0
Holdings
Withdrawn status Lost status Source of classification or shelving scheme Damaged status Not for loan Home library Current library Shelving location Date acquired Cost, normal purchase price Total Checkouts Full call number Barcode Date last seen Date last checked out Copy number Cost, replacement price Price effective from Koha item type
    Dewey Decimal Classification     London London Basement 14/12/2001 33.57 80 RESERVE SHELF 330 30065185 06/08/2019 04/02/2009 3 33.57 06/08/2019 Audio